Every Song by the Beach Boys - Statistics

General Stats
  • This quiz has been taken 91 times
    89 since last reset
  • The average score is 64 of 342
Answer Stats
Album Song % Correct
Surfin' Safari(1962) Surfin'
100%
Surfin' U.S.A.(1963) Surfin' U.S.A.
90%
Surfin' Safari(1962) Surfin' Safari
84%
Smiley Smile(1967) Good Vibrations
83%
Surfer Girl(1963) Surfer Girl
81%
Pet Sounds(1966) Wouldn't It Be Nice
78%
Holland(1973) California Saga/California
71%
Pet Sounds(1966) God Only Knows
71%
Little Deuce Coupe(1963) | Surfer Girl(1963) Little Deuce Coupe
67%
Pet Sounds(1966) Pet Sounds
67%
Still Cruisin'(1989) Kokomo
62%
The Beach Boys Today!(1965) Help Me, Rhonda
60%
Summer Days (And Summer Nights!!)(1965) California Girls
59%
All Summer Long(1964) I Get Around
59%
Shut Down Volume 2(1964) Fun, Fun, Fun
57%
Surf's Up(1971) Surf's Up
57%
Friends(1968) Friends
55%
Surfer Girl(1963) In My Room
55%
Wild Honey(1967) Wild Honey
55%
Pet Sounds(1966) Caroline, No
52%
Shut Down Volume 2(1964) Don't Worry Baby
52%
The Beach Boys' Christmas Album(1964) Little Saint Nick
52%
All Summer Long(1964) All Summer Long
50%
Holland(1973) Sail On, Sailor
48%
Surfin' U.S.A.(1963) Shut Down
45%
Shut Down Volume 2(1964) Shut Down, Part II
45%
Surfin' Safari(1962) 409
43%
Smiley Smile(1967) Heroes and Villains
43%
Sunflower(1970) Forever
41%
Little Deuce Coupe(1963) Be True to Your School
40%
Wild Honey(1967) Darlin'
40%
20/20(1969) Do It Again
40%
Pet Sounds(1966) Don't Talk (Put Your Head on My Shoulder)
40%
Surfin' Safari(1962) Ten Little Indians
40%
Endless Harmony Soundtrack(1998) Barbara
38%
Surfer Girl(1963) Catch a Wave
38%
Surf's Up(1971) Disney Girls
38%
Pet Sounds(1966) I Just Wasn't Made for These Times
38%
Shut Down Volume 2(1964) The Warmth of the Sun
38%
Smiley Smile(1967) Vegetables
38%
Pet Sounds(1966) I Know There's an Answer
36%
That's Why God Made the Radio(2012) That's Why God Made the Radio
36%
Surf's Up(1971) Feel Flows
34%
Pet Sounds(1966) You Still Believe in Me
34%
20/20(1969) Cabinessence
33%
Pet Sounds(1966) Let's Go Away for Awhile
33%
Surf's Up(1971) Long Promised Road
33%
Pet Sounds(1966) That's Not Me
33%
Surf's Up(1971) 'Til I Die
33%
The Beach Boys Today!(1965) When I Grow Up (To Be a Man)
33%
Smiley Smile(1967) Wind Chimes
33%
All Summer Long(1964) Wendy
31%
Surf's Up(1971) Don't Go Near the Water
29%
Pet Sounds(1966) Here Today
29%
Pet Sounds(1966) I'm Waiting for the Day
29%
Surf's Up(1971) A Day in the Life of a Tree
28%
The Beach Boys Today!(1965) Dance, Dance, Dance
28%
Shut Down Volume 2(1964) Denny's Drums
28%
The Beach Boys(1985) Getcha Back
28%
Wild Honey(1967) Here Comes the Night
28%
All Summer Long(1964) Little Honda
28%
The Beach Boys Today!(1965) Please Let Me Wonder
28%
Holland(1973) The Trader
28%
Sunflower(1970) All I Wanna Do
26%
Holland(1973) California Saga/Big Sur
26%
Sunflower(1970) Deirdre
26%
The Beach Boys Today!(1965) Don't Hurt My Little Sister
26%
Surfer Girl(1963) Hawaii
26%
Carl and the Passions – "So Tough"(1972) Marcella
26%
Sunflower(1970) This Whole World
26%
Smiley Smile(1967) Wonderful
26%
The Beach Boys Love You(1977) Airplane
24%
Friends(1968) Anna Lee, the Healer
24%
Sunflower(1970) Cool, Cool Water
24%
Surfin' Safari(1962) County Fair
24%
Keepin' the Summer Alive(1980) Keepin' the Summer Alive
24%
Friends(1968) Little Bird
24%
Smiley Smile(1967) Little Pad
24%
20/20(1969) Our Prayer
24%
Surf's Up(1971) Student Demonstration Time
24%
Friends(1968) Wake the World
24%
20/20(1969) All I Want to Do
22%
Sunflower(1970) At My Window
22%
Keepin' the Summer Alive(1980) Endless Harmony
22%
Holland(1973) Funky Pretty
22%
The Beach Boys Love You(1977) Love Is a Woman
22%
M.I.U. Album(1978) Match Point of Our Love
22%
Friends(1968) Meant for You
22%
The Beach Boys Love You(1977) Solar System
22%
Summer in Paradise(1992) Summer in Paradise
22%
Sunflower(1970) Tears in the Morning
22%
Sunflower(1970) Add Some Music to Your Day
21%
Wild Honey(1967) Aren't You Glad
21%
Friends(1968) Busy Doin' Nothin'
21%
All Summer Long(1964) Carl's Big Chance
21%
Friends(1968) Diamond Head
21%
Surfin' U.S.A.(1963) Farmer's Daughter
21%
The Beach Boys Love You(1977) Good Time
21%
The Beach Boys Love You(1977) Honkin' Down the Highway
21%
The Beach Boys Today!(1965) In the Back of My Mind
21%
The Beach Boys Love You(1977) Johnny Carson
21%
Wild Honey(1967) Mama Says
21%
The Beach Boys Love You(1977) Mona
21%
Surfer Girl(1963) Our Car Club
21%
The Beach Boys Love You(1977) Roller Skating Child
21%
Sunflower(1970) Slip On Through
21%
Holland(1973) Steamboat
21%
Still Cruisin'(1989) Still Cruisin'
21%
Keepin' the Summer Alive(1980) Sunshine
21%
The Smile Sessions(2011) The Elements: Fire (Mrs. O'Leary's Cow)
21%
The Beach Boys' Christmas Album(1964) The Man with All the Toys
21%
The Beach Boys Love You(1977) The Night Was So Young
21%
Friends(1968) Transcendental Meditation
21%
Friends(1968) Be Here in the Mornin'
19%
20 Golden Greats(1976) Break Away
19%
Shut Down Volume 2(1964) 'Cassius' Love vs. 'Sonny' Wilson
19%
Surfin' Safari(1962) Chug-A-Lug
19%
L.A. (Light Album)(1979) Good Timin'
19%
Sunflower(1970) Got to Know the Woman
19%
Surfin' Safari(1962) Heads You Win–Tails I Lose
19%
Carl and the Passions – "So Tough"(1972) Here She Comes
19%
Holland(1973) Leaving This Town
19%
Surfin' U.S.A.(1963) Lonely Sea
19%
20/20(1969) Never Learn Not to Love
19%
Smiley Smile(1967) She's Goin' Bald
19%
Summer in Paradise(1992) Summer of Love
19%
Summer Days (And Summer Nights!!)(1965) The Girl from New York City
19%
Holland(1973) California Saga/The Beaks of Eagles
17%
Wild Honey(1967) Country Air
17%
Smiley Smile(1967) Gettin' Hungry
17%
The Beach Boys Today!(1965) Good to My Baby
17%
Carl and the Passions – "So Tough"(1972) Hold On Dear Brother
17%
Wild Honey(1967) How She Boogalooed It
17%
Sunflower(1970) It's About Time
17%
Wild Honey(1967) I Was Made to Love Her
17%
Summer Days (And Summer Nights!!)(1965) Let Him Run Wild
17%
The Beach Boys Love You(1977) Let Us Go On This Way
17%
Sunflower(1970) Our Sweet Love
17%
Surf's Up(1971) Take a Load Off Your Feet
17%
Surfin' Safari(1962) The Shift
17%
Surfer Girl(1963) The Surfer Moon
17%
Friends(1968) When a Man Needs a Woman
17%
Smiley Smile(1967) With Me Tonight
17%
Summer Days (And Summer Nights!!)(1965) You're So Good to Me
17%
Summer Days (And Summer Nights!!)(1965) Amusement Parks U.S.A.
16%
Little Deuce Coupe(1963) Ballad of Ole' Betsy
16%
The Smile Sessions(2011) Barnyard
16%
M.I.U. Album(1978) Belles of Paris
16%
Friends(1968) Be Still
16%
Surfin' Safari(1962) Cuckoo Clock
16%
Carl and the Passions – "So Tough"(1972) Cuddle Up
16%
The Beach Boys Love You(1977) Ding Dang
16%
All Summer Long(1964) Don't Back Down
16%
All Summer Long(1964) Drive-In
16%
Summer Days (And Summer Nights!!)(1965) Girl Don't Tell Me
16%
M.I.U. Album(1978) Hey Little Tomboy
16%
The Beach Boys Love You(1977) I'll Bet He's Nice
16%
15 Big Ones(1976) It's O.K.
16%
The Beach Boys Love You(1977) I Wanna Pick You Up
16%
L.A. (Light Album)(1979) Lady Lynda
16%
The Beach Boys Love You(1977) Let's Put Our Hearts Together
16%
Wild Honey(1967) Let the Wind Blow
16%
The Beach Boys' Christmas Album(1964) Merry Christmas, Baby
16%
Keepin' the Summer Alive(1980) Santa Ana Winds
16%
The Beach Boys(1985) She Believes in Love Again
16%
M.I.U. Album(1978) She's Got Rhythm
16%
L.A. (Light Album)(1979) Sumahama
16%
Surfer Girl(1963) Surfer′s Rule
16%
Carl and the Passions – "So Tough"(1972) You Need a Mess of Help to Stand Alone
16%
Carl and the Passions – "So Tough"(1972) All This Is That
14%
L.A. (Light Album)(1979) Angel Come Home
14%
20/20(1969) Be With Me
14%
Smiley Smile(1967) Fall Breaks and Back to Winter
14%
All Summer Long(1964) Girls on the Beach
14%
Keepin' the Summer Alive(1980) Goin' On
14%
Wild Honey(1967) I'd Love Just Once to See You
14%
Shut Down Volume 2(1964) Keep an Eye on Summer
14%
M.I.U. Album(1978) Kona Coast
14%
L.A. (Light Album)(1979) Love Surrounds Me
14%
The Beach Boys(Bonus)(1985) Male Ego
14%
Surfin' U.S.A.(1963) Noble Surfer
14%
The Beach Boys' Christmas Album(1964) Santa's Beard
14%
The Beach Boys Today!(1965) She Knows Me Too Well
14%
Little Deuce Coupe(1963) Spirit of America
14%
That's Why God Made the Radio(2012) Summer's Gone
14%
20/20(1969) The Nearest Faraway Place
14%
Keepin' the Summer Alive(1980) When Girls Get Together
14%
Smiley Smile(1967) Whistle In
14%
Surfer Girl(1963) Your Summer Dream
14%
L.A. (Light Album)(1979) Baby Blue
12%
The Beach Boys(1985) California Calling
12%
Good Vibrations: Thirty Years of the Beach Boys(1993) Do You Like Worms
12%
All Summer Long(1964) Do You Remember?
12%
Carl and the Passions – "So Tough"(1972) He Come Down
12%
Summer Days (And Summer Nights!!)(1965) I'm Bugged at My Ol' Man
12%
The Beach Boys Today!(1965) I'm So Young
12%
Mount Vernon and Fairway(1973) I'm the Pied Piper
12%
Still Cruisin'(1989) In My Car
12%
Shut Down Volume 2(1964) In the Parkin' Lot
12%
Still Cruisin'(1989) Island Girl (I'm Gonna Make Her Mine)
12%
The Beach Boys(1985) It's Gettin' Late
12%
The Smile Sessions(2011) I Wanna Be Around / Workshop
12%
20/20(1969) I Went to Sleep
12%
The Beach Boys Today!(1965) Kiss Me, Baby
12%
Keepin' the Summer Alive(1980) Livin' with a Heartache
12%
Surf's Up(1971) Lookin' at Tomorrow
12%
Still Cruisin'(1989) Make It Big
12%
Friends(1968) Passing By
12%
M.I.U. Album(1978) Pitter Patter
12%
Summer Days (And Summer Nights!!)(1965) Salt Lake City
12%
Surfin' U.S.A.(1963) Stoked
12%
15 Big Ones(1976) That Same Song
12%
20/20(1969) Time to Get Alone
12%
The Beach Boys in Concert(1973) We Got Love
12%
Wild Honey(1967) A Thing or Two
10%
Endless Harmony Soundtrack(1998) Brian's Back
10%
Little Deuce Coupe(1963) Car Crazy Cutie
10%
Surfin' U.S.A.(1963) Finders Keepers
10%
L.A. (Light Album)(1979) Full Sail
10%
The Smile Sessions(2011) Holidays
10%
That's Why God Made the Radio(2012) Isn't It Time
10%
Shut Down Volume 2(1964) Louie, Louie
10%
Mount Vernon and Fairway(1973) Magic Transistor Radio
10%
Carl and the Passions – "So Tough"(1972) Make It Good
10%
Feel Flows(2021) My Solution
10%
Keepin' the Summer Alive(1980) Oh Darlin'
10%
Holland(1973) Only with You
10%
Mount Vernon and Fairway(1973) Radio King Dom
10%
Keepin' the Summer Alive(1980) Some of Your Love
10%
Still Cruisin'(1989) Somewhere Near Japan
10%
Good Vibrations: Thirty Years of the Beach Boys(1993) Still I Dream of It
10%
Summer Days (And Summer Nights!!)(1965) Summer Means New Love
10%
M.I.U. Album(1978) Sweet Sunday Kinda Love
10%
The Best of the Beach Boys Vol. 3(1968) The Little Girl I Once Knew
10%
15 Big Ones(1976) T M Song
10%
All Summer Long(1964) We'll Run Away
10%
Good Vibrations: Thirty Years of the Beach Boys(1993) 4th of July
9%
15 Big Ones(1976) Back Home
9%
Lost & Found(1961–62)(1991) Barbie
9%
Smiley Smile(Bonus)(1990) Can't Wait Too Long
9%
Sail On Sailor – 1972(2022) Carry Me Home
9%
Friends(Bonus)(1990) Celebrate the News
9%
Little Deuce Coupe(1963) Cherry, Cherry Coupe
9%
The Beach Boys(1985) Crack at Your Love
9%
15 Big Ones(1976) Everyone's in Love with You
9%
Surfer Girl(Bonus)(1990) I Do
9%
Summer in Paradise(1992) Island Fever
9%
Lost & Found(1961–62)(1991) Judy
9%
Summer in Paradise(1992) Lahaina Aloha
9%
Surfin' U.S.A.(1963) Lana
9%
Lost & Found(1961–62)(1991) Lavender
9%
Endless Harmony Soundtrack(1998) Loop de Loop (Flip Flop Flyin' in an Aeroplane)
9%
Mount Vernon and Fairway(1973) Mt. Vernon and Fairway
9%
M.I.U. Album(1978) My Diane
9%
Little Deuce Coupe(1963) No-Go Showboat
9%
Shut Down Volume 2(1964) Pom, Pom Play Girl
9%
Ten Years of Harmony(1981) San Miguel
9%
Lost & Found(1961–62)(1991) What Is a Young Girl Made Of
9%
M.I.U. Album(1978) Winds of Change
9%
Summer Days (And Summer Nights!!)(1965) And Your Dream Comes True
7%
That's Why God Made the Radio(2012) Beaches in Mind
7%
The Beach Boys Today!(1965) Bull Session with the 'Big Daddy
7%
The Smile Sessions(2011) Child Is Father of the Man
7%
The Beach Boys' Christmas Album(1964) Christmas Day
7%
That's Why God Made the Radio(2012) Daybreak Over the Ocean
7%
Made in U.S.A.(1986) Rock 'n' Roll to the Rescue
7%
Good Vibrations: Thirty Years of the Beach Boys(1993) Games Two Can Play
7%
L.A. (Light Album)(1979) Goin' South
7%
The Beach Boys(1985) I'm So Lonely
7%
Good Vibrations: Thirty Years of the Beach Boys(1993) It's Over Now
7%
Surfin' Safari(Bonus)(1990) Land Ahoy
7%
Lost & Found(1961–62)(1991) Luau
7%
The Beach Boys(1985) Maybe I Don't Know
7%
All Summer Long(1964) Our Favorite Recording Sessions
7%
That's Why God Made the Radio(2012) Spring Vacation
7%
Summer in Paradise(1992) Still Surfin'
7%
15 Big Ones(1976) Susie Cincinnati
7%
That's Why God Made the Radio(2012) The Private Life of Bill and Sue
7%
Surfer Girl(1963) The Rocking Surfer
7%
That's Why God Made the Radio(2012) Think About the Days
7%
Shut Down Volume 2(1964) This Car of Mine
7%
M.I.U. Album(1978) Wontcha Come Out Tonight
7%
Feel Flows(2021) Awake
5%
Lost & Found(1961–62)(1991) Beach Boy Stomp
5%
Mount Vernon and Fairway(1973) Better Get Back in Bed
5%
Little Deuce Coupe(1963) Custom Machine
5%
Good Vibrations: Thirty Years of the Beach Boys(1993) H.E.L.P. Is on the Way
5%
Good Vibrations: Thirty Years of the Beach Boys(1993) I Just Got My Pay
5%
Wake the World: The Friends Sessions(2018) I'm Confessin'
5%
Ultimate Christmas(1998) (I Saw Santa) Rockin' Around the Christmas Tree
5%
The Beach Boys(1985) It's Just a Matter of Time
5%
That's Why God Made the Radio(2012) Shelter
5%
Endless Harmony Soundtrack(1998) Soulful Old Man Sunshine
5%
Summer in Paradise(1992) Strange Things Happen
5%
That's Why God Made the Radio(2012) Strange World
5%
Surfin' U.S.A.(1963) Surf Jam
5%
Surfin' Safari(Bonus)(1990) The Baker Man
5%
Sunshine Dream(1982) The Beach Boys Medley
5%
The Beach Boys(1985) Where I Belong
5%
Wake the World: The Friends Sessions(2018) You're as Cool as Can Be
5%
Smiley Smile(1967) You're Welcome
5%
Little Deuce Coupe(Bonus)(1990) All Dressed Up for School
3%
Ultimate Christmas(1998) Bells of Christmas
3%
That's Why God Made the Radio(2012) From There to Back Again
3%
1967 – Sunshine Tomorrow(2017) Honey Get Home
3%
The Smile Sessions(2011) I'm in Great Shape
3%
Ten Years of Harmony(1981) It's a Beautiful Day
3%
Wake the World: The Friends Sessions(2018) New Song
3%
Wake the World: The Friends Sessions(2018) Our New Home
3%
Good Vibrations: Thirty Years of the Beach Boys(1993) Our Team
3%
That's Why God Made the Radio(2012) Pacific Coast Highway
3%
Songs from Here & Back(2006) PT Cruiser
3%
Feel Flows(2021) Sweet and Bitter
3%
The Smile Sessions(2011) Vega-Tables
3%
Friends(Bonus)(1990) We're Together Again
3%
Ultimate Christmas(1998) Winter Symphony
3%
Feel Flows(2021) All of My Love / Ecology
2%
Feel Flows(2021) Baby Baby
2%
Feel Flows(2021) Before
2%
Wake the World: The Friends Sessions(2018) Be Here in the Morning
2%
Feel Flows(2021) Behold the Night
2%
Sail On Sailor – 1972(2022) Hard Time
2%
Made in California(2013) Goin' to the Beach
2%
Feel Flows(2021) Hawaiian Dream
2%
1967 – Sunshine Tomorrow(2017) Hide Go Seek
2%
Feel Flows(2021) It's a New Day
2%
Good Vibrations: Thirty Years of the Beach Boys(1993) Little Surfer Girl
2%
The Smile Sessions(2011) Look (Song for Children)
2%
Ultimate Christmas(1998) Melekalikimaka
2%
Ultimate Christmas(1998) Morning Christmas
2%
Good Vibrations: Thirty Years of the Beach Boys(1993) Punchline
2%
Feel Flows(2021) Seasons in the Sun
2%
Summer in Paradise(1992) Slow Summer Dancin' (One Summer Night)
2%
Wake the World: The Friends Sessions(2018) Untitled 1/25/68
2%
Feel Flows(2021) Won't You Tell Me
2%
Songs from Here & Back(2006) Cool Head, Warm Heart
0%
Good Vibrations: Thirty Years of the Beach Boys(1993) I Love to Say Da Da
0%
Feel Flows(2021) I've Got a Friend
0%
Feel Flows(2021) Old Movie (Cuddle Up)
0%
Songs from Here & Back(2006) Spirit of Rock & Roll
0%
Feel Flows(2021) You Never Give Me Your Money
0%
No matching quizzes found
Score Distribution
Percent of People with Each Score
Percentile by Number Answered
Your Score History
You have not taken this quiz since the last reset